000 00442nam a2200145 a 4500
001 000043337
005 20201002040827.0
008 140310s2009 sp c 000 0 spa d
020 _a9788461362431
040 _aDO-SdBNP
_bspa
_cBNPHU
100 1 _aPolo García, Victorino
_940436
245 1 0 _aCinco libros en mi vida. /
_cVictorino Polo García.
260 _aEspaña, :
_bUniversidad de Murcia,
_c2009.
300 _a493 p. :
_bretrs. ;
_c25 cm.
999 _c42826
_d42826